00000000nam##2200000za#4500
0019.574231
003CaOODSP
00520210624184101
007cr |||||||||||
008150406|2007||||xxc|||||o    f|0| 0 eng|d
022 |a1488-5379
040 |aCaOODSP|beng
043 |an-cn---
0861 |aFs97-6/2693E-PDF
1101 |aCanada. |bDepartment of Fisheries and Oceans.
24510|aAtlantic salmon (Salmo salar) smolt migration from the Margaree River, 2001 to 2003 / |h[electronic resource]|cby M. Clément, G. Chaput and P. Leblanc.
260 |aMoncton - New Brunswick : |bFisheries and Oceans Canada |c2007.
300 |a71p.|bfigs., graphs, maps, references, tables
4901 |aCanadian technical report of fisheries and aquatic sciences|x1488-5379|vNo. 2693
500 |aThe catalogue number (Fs97-6/2693E) and ISSN (0706-6457) for the print edition have been incorrectly copied in this electronic publication.
546 |a(Résumé en français)
590 |a12-27-Supp|b2012-06-12
7201 |aChaput, G
7201 |aLeblanc, P
7201 |aClément, M.
7760#|tAtlantic salmon (Salmo salar) smolt migration from the Margaree River, 2001 to 2003 / |w(CaOODSP)9.618296
830#0|aCanadian technical report of fisheries and aquatic sciences,|x1488-5379|vNo. 2693|w(CaOODSP)9.504449
85640|ahttp://publications.gc.ca|qPDF|s727 KB|uhttps://publications.gc.ca/collections/collection_2012/mpo-dfo/Fs97-6-2693-eng.pdf|yNo. 2693